Siikalatvan naapurikunnat - Statistics

Yleistilastot
  • Tätä visaa on pelattu 2 kertaa
  • Keskiarvotulos 8 / 9
Vastaustilastot
Kunta % Oikein
Haapavesi
100%
Kärsämäki
100%
Liminka
100%
Pyhäntä
100%
Raahe
100%
Siikajoki
100%
Vaala
100%
Muhos
50%
Kajaani
0%
Ehtoja vastaavia visoja ei löytynyt
Tulosjakauma
Jokaisen tuloksen saaneiden osuus
Persentiili vastausten määrän mukaan
Tuloshistoriasi
Et ole pelannut tätä visaa